| 000 | 01415nam a2200313 i 4500 | ||
|---|---|---|---|
| 001 | 166452 | ||
| 003 | ES-MaACL | ||
| 005 | 20250905063053.0 | ||
| 008 | 950111e1892 sp c||||r 001 0bspa | ||
| 040 |
_aCARM _bspa _cES-MaACL |
||
| 080 | _a929 Azara, Félix de | ||
| 100 | 1 |
_aTorner de la Fuente, Eusebio _d1861-1913 _eaut _9110665 |
|
| 245 | 1 | 3 |
_aEl brigadier de la Armada é ingeniero militar Don Félix de Azára y Peréra : _bapuntes biográficos / _cpor Don Eusebio Torner y de la Fuente, capitán de ingenieros y profesor de la Academia del Cuerpo |
| 260 |
_aMadrid : _b[s.n.], _c1892 _f(Imp. del Memorial de Ingenieros) |
||
| 300 |
_a104 página, 1 hoja de lámina (blanco y negro) ; _c21 cm |
||
| 500 | _aÍndice | ||
| 504 | _aBibliografía de Félix de Azara: páginas [94]-101 | ||
| 530 | _aDisponible en formato digital | ||
| 599 | _aLámina: retrato de Félix de Azara | ||
| 600 | 1 | 4 |
_aAzara, Félix de, _d1742-1821- _xBiografías _9242216 |
| 655 | 4 |
_aBiografías _9176647 |
|
| 710 | 2 |
_aImprenta del Memorial de Ingenieros _eprm _9134482 |
|
| 752 |
_aEspaña - _dMadrid |
||
| 852 | 4 |
_aES-MaACL _cDEPOF _jT-699-F-1 _xEnc. en un vol. facticio _xHolandesa |
|
| 856 | 4 |
_uhttps://bibliotecavirtual.aragon.es/es/consulta/registro.do?id=5723 _yVersión en línea _z(Biblioteca Virtual de Aragón) |
|
| 942 |
_cMONANT _n0 |
||
| 999 |
_c166452 _d166452 |
||